03673pam a22003375i 450000100090000000300090000900500170001800800410003502000250007602000220010104000380012308200270016124502870018825000210047526400450049626400100054130000450055133600260059633700280062233800270065050400510067750522600072865000350298865300210302365500240304470000320306890600450310094200120314599900170315795201610317420710531EG-ScBUE20220306101319.0181018t2018 moua f b 001 0 eng d a9780323482479 (hbk.) a0323482473 (hbk.) aDLCbengerdacDLCdDLCdEG-ScBUE04a636.089607572222bTEX00aTextbook of veterinary diagnostic radiology /c[edited by] Donald E. Thrall, DVM, PhD (Professor of Radiology, College of Veterinary Medicine, North Carolina State University, Raleigh, North Carolina, Radiology and Quality Control IDEXX Telemedicine Consultants, Clackamas, Oregon). aSeventh edition. 1aSt. Louis, Missouri :bElsevier,c[2018] 4cc2018 axii, 986 pages :billustrations ;c29 cm atext2rdacontentbtxt aunmediated2rdamediabn avolume2rdacarrierbnc aIncludes bibliographical references and index.0 aSection I: Physics and principles of interpretation. Radiation protection and physics of diagnostic radiology -- Digital radiographic imaging -- Canine and feline dental radiographic technique -- Physics of ultrasound imaging -- Principles of computed tomography and magnetic resonance imaging -- Radiographic, computed tomography, and magnetic resonance contrast media -- Introduction to radiographic interpretation, -- Section II: The axial skeleton: canine, feline, and equine. Radiographic anatomy of the axial skeleton -- Basic principles of radiographic interpretation of the axial skeleton -- Canine and feline dental disease -- The cranial nasal cavities: canine and feline -- Magnetic resonance imaging features of brain disease in small animals -- The equine head -- Canine and feline vertebrae -- Magnetic resonance imaging and computed tomography features of canine and feline spinal cord disease -- Section III: The appendicular skeleton: canine, feline, and equine. Radiographic anatomy of the appendicular skeleton -- Principles of radiographic interpretation of the appendicular skeleton -- Orthopedic diseases of young and growing dogs and cats -- Fracture healing and complications in dogs -- Radiographic features of bone tumors and bone infections in dogs and cats -- Radiographic signs of joint disease in dogs and cats -- Equine stifle and tarsus -- Equine carpus -- Equine metacarpus and metatarsus -- Equine metacarpophalangeal and metatarsophalangeal joint -- Equine phalanges -- Equine navicular bone 505 0 $a Section IV: The thoracic cavity: canine, feline, and equine. Principles of radiographic interpretation of the thorax -- Canine and feline larynx and trachea -- Canine and feline esophagus -- Canine and feline thoracic wall -- Canine and feline diaphragm -- Canine and feline mediastinum -- Canine and feline pleural space -- Canine and feline cardiovascular system -- Canine and feline lung -- Equine lower respiratory system -- Section V: Abdominal cavity: canine and feline. Principles of radiographic interpretation of the abdomen -- Peritoneal space -- Liver and spleen -- Kidneys and ureters -- Urinary bladder -- Urethra -- Prostate gland -- Uterus, ovaries, and testes -- Stomach -- Small bowel -- Large bowel. 7aVeterinary radiography.2BUEsh bPPhrmcMarch2022 vReading book9342321 aThrall, Donald E.,eeditor. a7bcbccorigcopd2encipf20gy-gencatlg 2ddccBB c29849d29820 00102ddc40708AlahramaMAINbMAINc1STd2022-03-06ePurchaseg2682.00h284l0o636.089607572 TEXp000056208r2025-07-15 00:00:00v3352.50w2022-03-06yBB